| 000 | 00483nam a22001697a 4500 | ||
|---|---|---|---|
| 003 | OSt | ||
| 005 | 20220705122730.0 | ||
| 008 | 220705b |||||||| |||| 00| 0 eng d | ||
| 040 | _cDDC | ||
| 050 |
_a266 _bSA245M |
||
| 082 |
_a266 _bSA245M |
||
| 100 | _aSargunam, M. Ezra | ||
| 245 |
_aMission Mandate _bA Compendium on the perspective of missions in India _cSargunam, M.Ezra |
||
| 260 |
_aKilpauk, Madras _bMission India 2000 _cC1992 |
||
| 300 |
_a728p.: _bill:map: |
||
| 942 |
_2ddc _cBK |
||
| 999 |
_c10890 _d10890 |
||